Cartoon Character by Stomach Quiz Stats

 Plays Quiz Updated May 6, 2015

Challenge
Share
Tweet
Score 0/30 Timer 05:00
1 Play Today
Number Character Name % Correct
Spider-Man
98.3%
Mickey Mouse
98.2%
Homer Simpson
98.2%
SpongeBob SquarePants
96.5%
Fred Flintstone
96.2%
Batman
95.5%
Scooby-Doo
95%
Buzz Lightyear
91.2%
Charlie Brown
90.3%
Piglet
89.9%
Donald Duck
89.2%
Yogi Bear
88.5%
Dora 'The Explorer'
84.7%
Princess Jasmine
84.6%
Wonder Woman
84.1%
Number Character Name % Correct
Alvin Seville
83.2%
Kenny McCormick
82.6%
Brian Griffin
80%
Smurfette
77.4%
Bender Rodríguez
67.8%
CatDog
67.5%
Arnold
59.5%
Elroy Jetson
57%
Arthur Read
51.6%
'Fat' Albert Jackson
48.8%
Cow
46.9%
Ms. Frizzle
36.3%
Danger Mouse
32.3%
Elmer Fudd
19%
Wally Gator
9.7%

You're not logged in!

Compare scores with friends on all Sporcle quizzes.
OR
Log In

You Might Also Like...

Show Comments

Extras

Top Quizzes Today


Score Distribution

Your Account Isn't Verified!

In order to create a playlist on Sporcle, you need to verify the email address you used during registration. Go to your Sporcle Settings to finish the process.

Report this User

Report this user for behavior that violates our Community Guidelines.

Details: